| 000 | 00431nam a2200157 4500 | ||
|---|---|---|---|
| 001 | 125900 | ||
| 003 | ES-MaACL | ||
| 005 | 20230906192722.0 | ||
| 007 | t| | ||
| 008 | 070214s1922 fr r ||||1| fre d | ||
| 100 | 0 |
_aRaynaud, Barthélemy. _995642 |
|
| 245 | 1 | 0 |
_aManuel de legislation industrielle / _cBarthélemy Raynaud. |
| 260 |
_aParis : _bE. de Boccard, _c1922. |
||
| 300 |
_a427 p. ; _c19 cm. |
||
| 852 |
_aES-MaACL _jF-2363 |
||
| 999 |
_c125900 _d125900 |
||